| 000 | 004460000a22001930004500 | ||
|---|---|---|---|
| 650 | _aPsychology | ||
| 082 |
_a150.9 _bM953h _cT |
||
| 530 | _aM | ||
| 100 | _aMurphy, Gardner | ||
| 100 | _aOgden, C. K. | ||
| 100 | _aKovach, Joseph K. | ||
| 245 | _aHistorical introduction to modern psychology | ||
| 250 | _a6th edn. | ||
| 260 |
_aLondon _bRoutledge & Kegan Paul |
||
| 260 | _c1992 | ||
| 300 | _axiv, 526p. | ||
| 041 | _aEng | ||
| 942 | _cGEN | ||
| 999 |
_c9587 _d9587 |
||